Statistics for Cities by Country #1-Europe

Click here to take the quiz!

General Stats

  • This quiz has been taken 63 times
  • The average score is 14 of 15

Answer Stats

HintAnswer% Correct
HamburgGermany
100%
MilanItaly
100%
BarcelonaSpain
100%
EdinburghUnited Kingdom
98%
MontpillerFrance
97%
VologradRussia
97%
ChernobylUkraine
97%
Den haagNetherlands
95%
GoteborgSweden
92%
BergenNorway
89%
LinzAustria
87%
BillundDenmark
85%
CorinthGreece
85%
JenewaSwitzerland
85%
TampereFinland
84%

Score Distribution

Percentile by Number Answered

Percent of People with Each Score

Your Score History

You have not taken this quiz